<?xml version="1.0" encoding="UTF-8"?>
<record
    xmlns:xsi="http://www.w3.org/2001/XMLSchema-instance"
    xsi:schemaLocation="http://www.loc.gov/MARC21/slim http://www.loc.gov/standards/marcxml/schema/MARC21slim.xsd"
    xmlns="http://www.loc.gov/MARC21/slim">

  <leader>01554nam a22002537a 4500</leader>
  <controlfield tag="005">20211104101105.0</controlfield>
  <controlfield tag="008">211104b           ||||| |||| 00| 0 eng d</controlfield>
  <datafield tag="020" ind1=" " ind2=" ">
    <subfield code="a">8170492408</subfield>
  </datafield>
  <datafield tag="040" ind1=" " ind2=" ">
    <subfield code="c">AL</subfield>
  </datafield>
  <datafield tag="041" ind1=" " ind2=" ">
    <subfield code="a">eng</subfield>
  </datafield>
  <datafield tag="082" ind1=" " ind2=" ">
    <subfield code="2">23</subfield>
    <subfield code="a">352.37</subfield>
    <subfield code="b">DHAO</subfield>
  </datafield>
  <datafield tag="100" ind1=" " ind2=" ">
    <subfield code="a">Maloy Krishna Dhar</subfield>
    <subfield code="9">9661</subfield>
  </datafield>
  <datafield tag="245" ind1=" " ind2=" ">
    <subfield code="a">Open Secrets: India's Intelligence Unveiled</subfield>
  </datafield>
  <datafield tag="260" ind1=" " ind2=" ">
    <subfield code="a">New Delhi</subfield>
    <subfield code="b">Manas Publications</subfield>
    <subfield code="c">2005</subfield>
  </datafield>
  <datafield tag="300" ind1=" " ind2=" ">
    <subfield code="a">552 p.</subfield>
    <subfield code="b">PB</subfield>
    <subfield code="c">24x16 cm</subfield>
  </datafield>
  <datafield tag="365" ind1=" " ind2=" ">
    <subfield code="b">495.00</subfield>
    <subfield code="c">&#x20B9;</subfield>
    <subfield code="d">495.00</subfield>
  </datafield>
  <datafield tag="520" ind1=" " ind2=" ">
    <subfield code="a">Deterrence is a policy that fashions a situation whereby war can be limited if not averted. It rests on the capability of a nation to deter the enemy, ensure that the credibility of the threat is maintained, and respected, and use that capability when necessary. Nuclear Weapons deter, but there is the pursuit for the absolute means to seek foolproof deterrence. Herein lies the dilemma. The stakes involved in a nuclear war and the use of these weapons stimulate varied and worried debates. To justify a war, arguments tend to get grounded on &#x2018;just war&#x2019; The doctrine of Just War is concerned not with what men did in war but what they ought to do or refrain from doing; the jus ad bellum or justification of war and the jus in bello or the limitation of war.</subfield>
    <subfield code="u">https://pdfroom.com/books/open-secrets-indias-intelligence-unveiled/o75XZyjwgaG</subfield>
  </datafield>
  <datafield tag="650" ind1=" " ind2=" ">
    <subfield code="a">Military Science</subfield>
    <subfield code="9">9662</subfield>
  </datafield>
  <datafield tag="650" ind1=" " ind2=" ">
    <subfield code="a">Intelligence Service</subfield>
    <subfield code="9">9663</subfield>
  </datafield>
  <datafield tag="650" ind1=" " ind2=" ">
    <subfield code="a">Secret Service</subfield>
    <subfield code="9">9664</subfield>
  </datafield>
  <datafield tag="650" ind1=" " ind2=" ">
    <subfield code="a">Intelligence Bureau</subfield>
    <subfield code="9">9665</subfield>
  </datafield>
  <datafield tag="700" ind1=" " ind2=" ">
    <subfield code="a">DHAR (Maloy Krishna)</subfield>
    <subfield code="9">9666</subfield>
  </datafield>
  <datafield tag="942" ind1=" " ind2=" ">
    <subfield code="2">ddc</subfield>
    <subfield code="c">GF</subfield>
  </datafield>
  <datafield tag="999" ind1=" " ind2=" ">
    <subfield code="c">220375</subfield>
    <subfield code="d">220375</subfield>
  </datafield>
  <datafield tag="952" ind1=" " ind2=" ">
    <subfield code="0">0</subfield>
    <subfield code="1">0</subfield>
    <subfield code="2">ddc</subfield>
    <subfield code="4">0</subfield>
    <subfield code="7">0</subfield>
    <subfield code="8">GEN</subfield>
    <subfield code="a">AL</subfield>
    <subfield code="b">AL</subfield>
    <subfield code="d">2013-03-24</subfield>
    <subfield code="l">0</subfield>
    <subfield code="o">352.37 DHAO</subfield>
    <subfield code="p">GF00469</subfield>
    <subfield code="r">2021-11-04 00:00:00</subfield>
    <subfield code="u">https://pdfroom.com/books/open-secrets-indias-intelligence-unveiled/o75XZyjwgaG</subfield>
    <subfield code="w">2021-11-04</subfield>
    <subfield code="y">GF</subfield>
  </datafield>
</record>
